Enduring and Emerging Issues in South Asian Security/ (Record no. 211984)

MARC details
000 -LEADER
fixed length control field 00696nam a22002057a 4500
005 - DATE AND TIME OF LATEST TRANSACTION
control field 20250627122150.0
010 ## - LCCN (DPL NO)
LC control number ENG-145593
020 ## - INTERNATIONAL STANDARD BOOK NUMBER
International Standard Book Number 9789354420917
Terms of availability 985.00
035 ## - SYSTEM CONTROL NUMBER
System control number EN-129125
037 ## - SOURCE OF ACQUISITION
Source of stock number/acquisition DBAD
082 ## - DEWEY DECIMAL CLASSIFICATION NUMBER
Classification number 355.033054
245 ## - TITLE STATEMENT
Title Enduring and Emerging Issues in South Asian Security/
Statement of responsibility, etc Edited By Sumit Ganguly [and] Dinshaw Mistry
250 ## - EDITION STATEMENT
Edition statement 1
260 ## - PUBLICATION, DISTRIBUTION, ETC. (IMPRINT)
Place of publication, distribution, etc Chennai
Name of publisher, distributor, etc Orient Blackswan Private Limited
Date of publication, distribution, etc 2022
270 ## - ADDRESS
Address Orient Blackswan Private Limited, 160 Anna Salai,
City Chennai
Postal code 600002
300 ## - PHYSICAL DESCRIPTION
Extent 230p.
Dimensions 23cm(pb)
700 ## - ADDED ENTRY--PERSONAL NAME
Personal name Ganguly, Sumit
Relator term Editor
9 (RLIN) 82409
700 ## - ADDED ENTRY--PERSONAL NAME
Personal name Mistry, Dinshaw
Relator term Editor
9 (RLIN) 82410
942 ## - ADDED ENTRY ELEMENTS (KOHA)
Source of classification or shelving scheme Dewey Decimal Classification
Item type English Books
Classification part 355.033054
Call number suffix GAN
Holdings
Withdrawn status Lost status Not for loan Collection code Home library Current library Date acquired Source of acquisition Cost, normal purchase price Full call number Barcode Copy number Cost, replacement price Koha item type
      Non-fiction Sarojini Nagar Sarojini Nagar 27/06/2025 Delivery of Books Act Division 985.00 355.033054 GAN EN-129125 1 985.00 English Books

© Delhi Public Library
Hit Counter
free hit counter